Ebrei nel Mondo - Statistics

Statistiche generali
  • Questo quiz è stato fatto 181 volte
  • Il punteggio medio è 16 su 20
Statistiche sulle risposte
Numero Paese % Corretto
35000 Italia
100%
5703700 Israele
98%
119000 Germania
97%
5275000 Stati Uniti d'America
97%
483500 Francia
96%
205000 Russia
95%
375000 Canada
89%
182300 Argentina
85%
95600 Brasile
83%
48600 Messico
81%
292000 Regno Unito
80%
71500 Ucraina
75%
107500 Australia
74%
30300 Belgio
74%
28400 Paesi Bassi
74%
20000 Turchia
71%
20500 Cile
63%
48600 Ungheria
54%
70800 Sudafrica
41%
8000 Marocco
33%
Nessun quiz corrispondente trovato
Distribuzione punteggi
Percentuale di utenti per punteggio
Percentile per numero di risposta
I tuoi punteggi nel tempo
Non hai fatto questo quiz